MESTSKÁ KNIŽNICA GIRALTOVCE  - online katalóg 

Teórie o nadhodnote. 1. časť (Record no. 15473)

000 -NÁVESTIE
fixed length control field 00882nam a2200253 a 4500
008 - ÚDAJE S PEVNOU DĹŽKOU – VŠEOBECNÉ INFORMÁCIE
fixed length control field 951121s1989||||[C 0 slo c
020 ## - MEDZINÁRODNÉ ŠTANDARDNÉ ČÍSLO KNIHY (ISBN)
Údaje o dostupnosti 22 Kčs.
Qualifying information (7000 výtl.)
040 ## - ZDROJ KATALOGIZÁCIE
Pôvodná katalogizujúca agentúra SNK
Jazyk katalogizácie slo
Prepisujúca agentúra SNK
Konvencie popisu AACR2
041 1# - KÓD JAZYKA
Kód jazyka textu/zvukovej stopy alebo samostatných nápisov slo
Kód jazyka originálu a/alebo sprostredkujúcich prekladov textu ger
044 ## - KÓD KRAJINY VYDAVATEĽA/PRODUCENTA
Kód krajiny MARC xo
Kód krajiny ISO SK
080 ## - ČÍSLO MEDZINÁRODNÉHO DESATINNÉHO TRIEDENIA (MDT)
Číslo Medzinárodného desatinného triedenia (MDT) 330.13
080 ## - ČÍSLO MEDZINÁRODNÉHO DESATINNÉHO TRIEDENIA (MDT)
Číslo Medzinárodného desatinného triedenia (MDT) 141.82
100 1# - OSOBNÉ MENÁ – VŠEOBECNÉ INFORMÁCIE
Osobné meno Marx, Karl
Kód roly aut
245 10 - NÁZOV
Názov Teórie o nadhodnote. 1. časť
Zvyšok názvu (4.zv. Kapitálu). 8-16 kapitola a prílohy
Údaj o zodpovednosti atď. Karl Marx ; Štefan Heretik, Miloš Plachtinský, Oto Takáč
250 ## - ÚDAJ O PORADÍ VYDANIA
Údaj o poradí vydania 2., vyd.
260 ## - VYDAVATEĽSKÉ ÚDAJE, DISTRIBÚCIA ATĎ.
Miesto publikovania, distribúcie atď. Bratislava
Názov vydavateľa, distibútora atď. Pravda
Dátum publikovania, distribúcie atď. 1989
Miesto výroby S.l.Pravda Bratislava
Výrobca Pravda Bratislava
300 ## - FYZICKÝ POPIS
Rozsah 600 s., 50,82 AH
Rozmery 24 cm
490 0# - EDÍCIA
Edícia Klasici marxizmu-leninizmu
500 ## - VŠEOBECNÁ POZNÁMKA
Formátovaná poznámka o obsahu Lit. 67. Edič. pozn. Príl. Pozn. a reg. 67 zázn. v angl., franc. a nem.
700 1# - PRIDANÝ VSTUP – OSOBNÉ MENO
Osobné meno Heretik, Štefan
Kód roly trl
700 1# - PRIDANÝ VSTUP – OSOBNÉ MENO
Osobné meno Plachtinský, Miloš
Kód roly trl
700 1# - PRIDANÝ VSTUP – OSOBNÉ MENO
Osobné meno Takáč, Oto
Kód roly bkd
958 ## - Formálny deskriptor
Formálny deskriptor A
Holdings
Stav stiahnutia (Blokovanie) (Withrawn status) Stav straty Stav poškodenia (Damaged status) Nie pre výpožičky (Not for loan) Spôsob nadobudnutia (Collection code) Trvalé umiestnenie Aktuálne umiestnenie Dátum nadobudnutia Náklady, bežná kúpna cena Inventárne číslo (prírastkové číslo) Full call number Dátum posledného výskytu Cena s účinnosťou od Typ jednotky Koha
Vyradený       Kúpa Mestská knižnica Giraltovce Mestská knižnica Giraltovce 2019-11-29 22.00 14498 K 051 2019-11-29 2019-11-29 Odborná literatúra pre dospelých

Powered by Koha